00514nam a2200109Ia 4500008004100000050002600041100002500067245019400092260008600286300002000372521001200392140724s9999 xx 000 0 und d aRT 86.75b.Av958 2007 aAvila, Rudolph John. 2aA comparative study on the level of job satisfaction among nurse supervisors and clinical instructors in selected hospitals and schools of nursing in Las Piñas City /cRudolph John Avila. aLas Piñas, Philippines :bSouthville International School and Colleges,cc2007. a72 p. :c28 cm. aNursing